000 00613nam a22002057a 4500
003 OSt
005 20140310182938.0
008 130201t xxu||||| |||| 00| 0 eng d
020 _a9715501893
050 _aDS 686.4
_b.Y95 1996
082 _aFIL 959.9042
_bYUK 1996
245 _aThe Huaqiao warriors
_bChinese resistance movement in the Philippines 1942-1945
_cYuk-Wai, Yung Li
260 _aQuezon City
_bAteneo Manila University Press
_cc1996
300 _a 224 p.
_c22 cm.
_b maps
521 _acollege students
526 _c1210L-1700L
541 _j1
562 _e1
942 _2lcc
_cBK
_kFIL
999 _c17658
_d17658